Norwich City 100 Appearances Or More – Sudden Death - Statistics

General Stats
  • This quiz has been taken 46 times
  • The average score is 12 of 35
Answers on the Grid
Answers color-coded by a green-red scale on the quiz's grid according to % correct below.
Max Aarons
Sébastien Bassong
Elliott Bennett
Ryan Bennett
Emiliano Buendia
Sam Byram
Todd Cantwell
Lee Croft
Graham Dorrans
Adam Drury
Dickson Etuhu
Dimitrios Giannoulis
Ben Gibson
Ben Godfrey
Angus Gunn
Grant Hanley
Grant Holt
Wes Hoolahan
Jonny Howson
Adam Idah
Simeon Jackson
Matt Jarvis
Cameron Jerome
Bradley Johnson
Timm Klose
Tim Krul
Simon Lappin
Moritz Leitner
Jamal Lewis
Russell Martin
Kenny McLean
Marcelino Núñez
Martin Olsson
Andrew Omobamidele
Ivo Pinto
Przemysław Płacheta
Nathan Redmond
John Ruddy
Youssef Safri
Borja Sainz
Gabriel Sara
Josh Sargent
Jason Shackell
Jacob Sørensen
Marco Stiepermann
Alex Tettey
Tom Trybull
Mario Vrančić
Steven Whittaker
Christoph Zimmermann
 
Answer Stats
Answer % Correct
213 Max Aarons
82%
352 Wes Hoolahan
64%
172 Angus Gunn
55%
197 Grant Hanley
55%
168 Grant Holt
55%
121 Emiliano Buendia
50%
188 Jonny Howson
50%
265* Kenny McLean
50%
242 John Ruddy
45%
169 Tim Krul
45%
129 Todd Cantwell
45%
358 Adam Drury
41%
263 Alex Tettey
41%
155 Bradley Johnson
41%
138 Cameron Jerome
41%
309 Russell Martin
41%
135 Sébastien Bassong
41%
133* Josh Sargent
36%
139 Christoph Zimmermann
27%
129 Martin Olsson
27%
123 Nathan Redmond
27%
118 Ryan Bennett
27%
128 Timm Klose
27%
124 Ben Gibson
23%
126 Simon Lappin
23%
116 Adam Idah
18%
103 Dimitrios Giannoulis
18%
100 Jamal Lewis
18%
134 Mario Vrančić
18%
107 Jacob Sørensen
14%
116* Marcelino Núñez
14%
106 Steven Whittaker
14%
145 Jason Shackell
9%
131 Lee Croft
9%
119 Marco Stiepermann
5%
No matching quizzes found
Score Distribution
Percent of People with Each Score
Percentile by Number Answered
Your Score History
You have not taken this quiz